| 000 | 02144cam a22005414a 4500 | ||
|---|---|---|---|
| 001 | 40788 | ||
| 005 | 20230410105143.0 | ||
| 008 | 030115s2003 nyua 001 0ceng | ||
| 010 | _a 2003041170 | ||
| 035 | _a(OCoLC)ocm51922146 | ||
| 040 |
_aDLC _cDLC _dYDX _dILC _dQBX _dBAKER _dBTCTA _dYDXCP |
||
| 020 | _a0802714161 (hardcover : alk. paper) | ||
| 020 | _a9780802714169 (hardcover : alk. paper) | ||
| 029 | 1 |
_aNLGGC _b244825793 |
|
| 029 | 1 |
_aYDXCP _b1945959 |
|
| 029 | 1 |
_aNZ1 _b7591923 |
|
| 035 | _a(OCoLC)51922146 | ||
| 037 |
_a1177063 _bQBI |
||
| 041 | 1 |
_aeng _hita |
|
| 042 | _apcc | ||
| 050 | 1 | 4 |
_aD 412.6 _bO69t 2003 |
| 082 | 0 | 0 | _a923 |
| 100 | 1 | _aOrizio, Riccardo. | |
| 240 | 1 | 0 |
_aParola del diavolo. _lEnglish |
| 245 | 1 | 0 |
_aTalk of the devil : _bencounters with seven dictators / _cRiccardo Orizio ; translated from the Italian by Avril Bardoni. |
| 260 |
_aNew York : _bWalker, _c2003. |
||
| 300 |
_a200 p. : _bill. ; _c23 cm. |
||
| 500 | _aIncludes index. | ||
| 505 | 0 | _aIdi Amin Dada -- Jean-Bedel Bokassa -- Wojciech Jaruzelski -- Enver and Nexhmije Hoxha -- Jean-Claude Duvalier -- Mengistu Haile-Mariam -- Slobadan Milosevic and Mira Markovic -- Coda: letter from Manual Antonio Noriega. | |
| 650 | 0 |
_aHistory, Modern _y20th century. |
|
| 650 | 0 |
_aDictators _vBiography. |
|
| 650 | 0 |
_aBiography _y20th century. |
|
| 650 | 0 |
_aWorld politics _y20th century. |
|
| 650 | 7 |
_aDictators _vBiography. _2sears |
|
| 650 | 7 |
_aWorld history _y20th century _vBiography. _2sears |
|
| 650 | 7 |
_aWorld politics _y1945- _2sears |
|
| 650 | 4 | _aCEH | |
| 650 | 4 | _aColección Estudios Haitianos | |
| 700 | 1 | _aBardoni, Avril. | |
| 856 | 4 | 2 |
_3Contributor biographical information _uhttp://www.loc.gov/catdir/enhancements/fy0614/2003041170-b.html |
| 856 | 4 | 2 |
_3Publisher description _uhttp://www.loc.gov/catdir/enhancements/fy0614/2003041170-d.html |
| 938 |
_aQuality Books, Inc. _bQUAL _na 03041170 |
||
| 938 |
_aBaker & Taylor _bBKTY _c22.00 _d16.50 _i0802714161 _n0004123671 _sactive |
||
| 938 |
_aBaker and Taylor _bBTCP _n2003041170 |
||
| 938 |
_aYBP Library Services _bYANK _n1945959 |
||
| 942 |
_2lcc _cbk |
||
| 994 |
_aC0 _bDRFGD |
||
| 999 |
_c31162 _d31162 |
||